Điều chế Chitin/Chitosan tan trong nước từ vỏ tôm và nghiên cứu ứng dụng khả năng kích thích vào quá trình nảy mần của Chitin/Chitosan đối với hạt đậu xanh
Tổng quan vấn đề nghiên cứu điều chế Chitin/Chitosan tan trong nước từ vỏ tôm và nghiên cứu ứng dụng khả năng kích thích vào quá trình nảy mần của Chitin/Chitosan đối với hạt đạu xanh. Nguyên liệu và phương pháp nghiên cứu. Kết quả và bàn luận: Điều chế Chitin từ vỏ tôm và xác dịnh hàm lượng chitin...
Guardat en:
| Autor principal: | |
|---|---|
| Altres autors: | |
| Format: | Llibre |
| Idioma: | Vietnamese |
| Publicat: |
Đại học Đà Nẵng
Trường đại học Sư Phạm
2011
|
| Col·lecció: | Khóa luận tốt nghiệp đại học. Chuyên ngành: Sư phạm hóa
|
| Matèries: | |
| Etiquetes: |
Afegir etiqueta
Sense etiquetes, Sigues el primer a etiquetar aquest registre!
|
| Thư viện lưu trữ: | Mạng thư viện Đại học Đà Nẵng |
|---|
| LEADER | 02082nam a2200349 4500 | ||
|---|---|---|---|
| 001 | 000012540 | ||
| 003 | 8844 | ||
| 005 | 20120222080249.0 | ||
| 008 | 120222s2011 viesd | ||
| 041 | |a vie | ||
| 072 | |a Khóa luận tốt nghiệp | ||
| 082 | |a 664.726022 |b HO-H | ||
| 100 | |a Hoàng, Thị Hằng | ||
| 245 | |a Điều chế Chitin/Chitosan tan trong nước từ vỏ tôm và nghiên cứu ứng dụng khả năng kích thích vào quá trình nảy mần của Chitin/Chitosan đối với hạt đậu xanh |c Hoàng, Thị Hằng | ||
| 260 | |a Đại học Đà Nẵng |b Trường đại học Sư Phạm |c 2011 | ||
| 300 | |a 61 tr. |c 29 cm | ||
| 490 | |a Khóa luận tốt nghiệp đại học. Chuyên ngành: Sư phạm hóa | ||
| 500 | |a Tham khảo tr. cuối | ||
| 520 | |a Tổng quan vấn đề nghiên cứu điều chế Chitin/Chitosan tan trong nước từ vỏ tôm và nghiên cứu ứng dụng khả năng kích thích vào quá trình nảy mần của Chitin/Chitosan đối với hạt đạu xanh. Nguyên liệu và phương pháp nghiên cứu. Kết quả và bàn luận: Điều chế Chitin từ vỏ tôm và xác dịnh hàm lượng chitin trong vỏ tôm; điều chế Chitosan bằng cách deaxetyl chitin. kq đo phổ hồng ngoại của sản phẩm chitin và Chitosan; kq nghiên cứu khả năng kích thích vào quá trình nảy mần của Chitin/Chitosan đối với hạt đậu xanh | ||
| 653 | |a Khóa luận tốt nghiệp đại học | ||
| 653 | |a Khoa Hóa học | ||
| 700 | |a Trần, Mạnh Lục |c TS |e Hướng dẫn | ||
| OWN | |a LSP | ||
| AVA | |a UDN50 |b LSP |d 664.726022 HO-H |e available |t Error 5001 Not defined in file expand_doc_bib_avail. |f 1 |g 0 |h N |i 0 |k 1 | ||
| 999 | |a From the UDN01 | ||
| AVA | |a UDN50 |b LSP |d 664.726022 HO-H |e available |t Error 5001 Not defined in file expand_doc_bib_avail. |f 1 |g 0 |h N |i 0 |k 1 | ||
| TYP | |a Monograph | ||
| TYP | |a Printed language | ||
| 980 | |a Mạng thư viện Đại học Đà Nẵng | ||